Official Names of Asian Countries with a Map - Statistics

General Stats
  • This quiz has been taken 100 times
  • The average score is 33 of 48
Answers on the Map
Answers color-coded by a green-red scale on the quiz's map according to % correct below.
 
Answer Stats
Country % Correct
Republic of China
94%
People's Republic of China
93%
Japan
92%
Republic of Korea
89%
Mongolia
86%
Democratic People's Republic of Korea
85%
Kingdom of Saudi Arabia
85%
Kingdom of Thailand
85%
Republic of India
83%
Republic of Kazakhstan
82%
Republic of Indonesia
80%
Republic of Tajikistan
80%
Republic of Turkey
80%
Republic of Uzbekistan
80%
United Arab Emirates
80%
Republic of Armenia
79%
Republic of Azerbaijan
79%
Republic of Cyprus
79%
Islamic Republic of Iran
77%
Kingdom of Bahrain
77%
Republic of Singapore
76%
Georgia
75%
Republic of Yemen
75%
Republic of Iraq
73%
Malaysia
72%
Turkmenistan
72%
Islamic Republic of Afghanistan
70%
Islamic Republic of Pakistan
70%
Kingdom of Bhutan
70%
Republic of the Philippines
70%
Kingdom of Cambodia
69%
State of Israel
63%
Republic of Maldives
62%
Sultanate of Oman
62%
Hashemite Kingdom of Jordan
61%
Socialist Republic of Vietnam
58%
Kyrgyz Republic
55%
People's Republic of Bangladesh
52%
State of Kuwait
52%
State of Qatar
52%
Lebanese Republic
51%
Brunei Darussalam
48%
Lao People's Democratic Republic
48%
Democratic Republic of Timor-Leste
46%
Syrian Arab Republic
46%
Republic of the Union of Myanmar
45%
Democratic Socialist Republic of Sri Lanka
44%
Federal Democratic Republic of Nepal
41%
No matching quizzes found
Score Distribution
Percent of People with Each Score
Percentile by Number Answered
Your Score History
You have not taken this quiz